Tvé jméno sladce zní

Hlavní autor: Blahník, František, 1904-1963
Jazyk: Čeština
Vydáno: Praha : František Kudelík, 1939
Edice: [Popěvky nakladatelství Fr. Kudelíka]
Fyzický popis: [4] s.
Hudebniny Hudebniny
Uloženo v:
LEADER 00665ncm a22002172a 4500
001 001138457
003 CZ BrMZK
005 20110211123345.0
007 qu
008 110211s1939 xr |||||||||||||||||cze d
040 |a BOA001  |b cze 
072 7 |a 784  |x Vokální hudba  |2 Konspekt  |9 9 
100 1 |a Blahník, František,  |d 1904-1963  |7 xx0018370  |4 cmp 
245 1 0 |a Tvé jméno sladce zní  |h [hudebnina] /  |c František Blahník 
260 |a Praha :  |b František Kudelík,  |c 1939 
300 |a [4] s. 
490 1 |a [Popěvky nakladatelství Fr. Kudelíka] ;  |v 415 
830 0 |a [Popěvky nakladatelství Fr. Kudelíka] 
910 |a BOA001  |b Mus1-0173.019,415 
990 |a MU 
991 |b 201102